| 000 | 00664nam a2200217 i 4500 | ||
|---|---|---|---|
| 001 | 23241 | ||
| 003 | ES-MaACL | ||
| 005 | 20250819170105.0 | ||
| 007 | t| | ||
| 008 | 021209s1982 sp ||||1| spa d | ||
| 020 | _a84-85361-28-8 | ||
| 100 | 1 |
_aAlzón, Claude. _921065 |
|
| 245 | 1 | 0 |
_aMujer mitificada, mujer mixtificada / _cClaude Alzón ; traducción de José Martín Arancibia. |
| 260 |
_aBarcelona : _bRuedo Ibérico, _c[1982] |
||
| 300 |
_a458 p. ; _c21 cm. |
||
| 650 | 0 | 7 |
_aFeminismo _2embne _912744 |
| 700 | 1 |
_aMartín Arancibia, José. _977394 |
|
| 710 | 2 |
_aÉditions Ruedo ibérico. _9145333 |
|
| 852 |
_aES-MaACL _jL-4286 |
||
| 999 |
_c23241 _d23241 |
||